| 000 | 00439cam a22001337a 4500 | ||
|---|---|---|---|
| 008 | 180718b1962 xxu||||| |||| 00| 0 eng d | ||
| 082 | _aPx55 H229 | ||
| 100 | _aHarnwell, Gaylord Probasco | ||
| 245 |
_aEducational voyaging in Iran _cby Gaylord Probasco Harnwell |
||
| 260 |
_aPhiladelphia _bUniversity of Pennsylvania Press _c1962 |
||
| 300 | _a104p. | ||
| 650 | _aIran --Description and travel | ||
| 650 | _aUniversities and colleges --Iran | ||
| 999 |
_c367447 _d367447 |
||